000 00931cam a22002531 4500
001 gs 05001116
003 DLC
005 20260227111302.0
008 751002s1898 wiub s000 0 eng
010 _ags 05001116
035 _a(OCoLC)1672393
040 _aDLC
_cViW
_dDLC
042 _apremarc
050 0 0 _aQE179
_b.A2 no. 1
051 _aSD144.W8
_bR8
100 1 _aRoth, Filibert,
_d1858-1925.
245 1 0 _aOn the forestry conditions of northern Wisconsin.
_cBy Filibert Roth.
260 _aMadison, Wis.,
_bPublished by the state,
_c1898.
300 _avi, 78 p.
_bfold. col. map.
_c24 cm.
490 1 _aWisconsin. Geological and natural history survey. Bulletin
_vno. 1. Economic series no. 1
650 0 _aForests and forestry
_zWisconsin.
810 2 _aWisconsin Geological and Natural History Survey.
_tBulletin ;
_vno. 1.
810 2 _aWisconsin Geological and Natural History Survey.
_tEconomic series ;
_vno. 1.
999 _c24346
_d24346